| 000 | 00476cam a2200181ua 4500 | ||
|---|---|---|---|
| 020 | _c125.00 | ||
| 041 |
_aeng _h |
||
| 082 |
_a550.066 _bFAZ/GE |
||
| 100 | _aFazal, Shahab . | ||
| 245 |
_aGeographic information system: Terminology / _cShahab Fazal. _hTextual Documents |
||
| 260 |
_aNew Delhi : _bNew Age International Ltd , _c2007. |
||
| 300 | _a ; . | ||
| 365 | _a125.00 | ||
| 504 | _a | ||
| 700 | 1 | _aRahman, Atiqur . | |
| 942 | _cBK | ||
| 999 |
_c13448 _d13448 |
||